000 01651nam2a2200301 4500
001 RU\NLR\BIBL_A\012908253
005 20250624222146.0
010 _a5-7511-1053-6
_91000
035 _a(NLR Aleph) 012908253
090 _a12605527
_c12605527
100 _a20221013d1999 |||y0rusy50 ca
101 0 _arus
102 _aRU
105 _ay z 001zd
200 0 _aТ. 5
_eкнига памяти репрессированных томичей
_fУправление Федеральной службы безопасности России по Томской области
210 _aТомск
_cИзд-во ТГУ
_d1999
215 _a385 с.
320 _aИмен. указ.: с. 270-379
320 _aУказ. содерж. 1-5 томов: с. 380-384
461 0 _1001rc\35092
_12001#$aБоль людская$eКн. памяти томичей, репрессир. в 30-40-е и начале 50-х годов$e[Пофамильный список граждан]$vТ. 5
_97139324
_cТомск
_d1991
_nУпр. КГБ СССР по Том. обл.
_oКн. памяти томичей, репрессир. в 30-40-е и начале 50-х годов : [Пофамильный список граждан]
_tБоль людская
_vТ. 5
712 0 1 _4570
_aРоссийская Федерация
_bФедеральная служба безопасности
_bУправление по Томской области
_9814432
_3RU\NLR\AUTH\880574142
852 _aNLR
_bС
_jК-1/5948
942 _cBOOK
980 _aNB